[Event "Linares 12th"]
[Site "Linares"]
[Date "1994.??.??"]
[Round "5"]
[White "Polgar, Judit"]
[Black "Kasparov, Garry"]
[Result "0-1"]
[WhiteElo "2630"]
[BlackElo "2805"]
[Annotator "Boensch,U"]
[PlyCount "92"]
[EventDate "1994.02.??"]
[EventType "tourn"]
[EventRounds "13"]
[EventCountry "ESP"]
[EventCategory "18"]
[SourceTitle "CBM 040"]
[Source "ChessBase"]
[SourceDate "1994.06.01"]
[SourceVersion "1"]
[SourceVersionDate "1994.06.01"]
[SourceQuality "1"]

1. e4 {Timman Ftacnik} c5 2. Nf3 d6 3. d4 cxd4 4. Nxd4 Nf6 5. Nc3 a6 6. f4 e6
7. Be2 Be7 8. O-O Qc7 9. Qe1 (9. g4 Nc6 10. g5 Nd7 11. Be3 O-O 12. f5 Nxd4 13.
Qxd4 Rd8 14. a4 Ne5 15. f6 Bf8 16. Qb6 $16 {Ivanchuk,V-Hellers,F (1) Tilburg 
(2) 1993 1-0 45}) (9. Kh1 b5 10. Bf3 Bb7 11. e5 dxe5 12. fxe5 Nfd7 13. Bxb7
Qxb7 14. Qg4 Nc6 15. Nxc6 Qxc6 16. a4 $16 {Sokolov,A-Jacques,R St Martin op 
(05) 1992 1-0 26}) 9... Nbd7 (9... Nc6 10. Be3 Bd7 11. Qg3 h5 12. Rad1 g6 13.
Nxc6 Bxc6 14. Bd4 h4 15. Qe3 Rh7 16. a4 $16 {Gavrikov,V-Summermatter,D SWZ-GP
Suhr (4) 1991 1-0 34}) 10. a4 b6 11. Bf3 Bb7 12. Kh1 Rd8 $1 (12... Rc8 $2 13.
e5 dxe5 14. fxe5 $16) 13. Be3 (13. e5 dxe5 14. fxe5 (14. Bxb7 $2 {Ftacnik} exd4
) 14... Nxe5 15. Bxb7 (15. Bf4 {Ftacnik} Nxf3 16. Bxc7 Nxe1 17. Bxd8 Bxg2+ 18.
Kg1 Bxd8 19. Rfxe1 Bb7 $17) 15... Rxd4 $13) 13... O-O 14. Qg3 Nc5 15. f5 (15.
e5 $2 dxe5 16. fxe5 Nfe4 $17 (16... Nce4 {Ftacnik} 17. Nxe4 (17. Qf4 g5 $1 $19)
17... Nxe4 18. Bxe4 Bxe4 19. Bh6 Bg6 $17)) 15... e5 16. Bh6 Ne8 17. Nb3 Nd7 $1
18. Rad1 Kh8 19. Be3 Nef6 20. Qf2 Rfe8 21. Rfe1 (21. g4 d5 22. exd5 e4 23. Nxe4
Bxd5 24. Nxf6 Bxf3+ 25. Qxf3 Bxf6 $44) 21... Bf8 (21... h6 {Ftacnik} 22. g4 $13
) 22. Bg5 h6 23. Bh4 Rc8 $15 24. Qf1 Be7 25. Nd2 (25. Qd3 $5 {Ftacnik}) 25...
Qc5 (25... Nxe4 $6 26. Rxe4 $1 (26. Bxe7 $2 Nxc3 $17) 26... Bxe4 27. Ndxe4 Bxh4
28. Nxd6 $14) 26. Nb3 Qb4 27. Be2 Bxe4 $1 $17 28. Nxe4 Nxe4 29. Bxe7 Rxe7 30.
Bf3 (30. Bxa6 Rxc2 31. Rxe4 Qxb3 $19 (31... Qxe4 32. Bd3 Qc6 33. Bxc2 Qxc2 34.
Qd3 $17)) 30... Nef6 (30... Ndf6 $5) 31. Qxa6 Ree8 (31... Rxc2 $2 32. Nd4 $13)
32. Qe2 Kg8 (32... e4 $2 33. Rd4) (32... Qf4 $5) 33. Bb7 Rc4 34. Qd2 Qxa4 35.
Qxd6 (35. Ra1 Qb4 $19 (35... Qb5 $2 36. Ba6)) 35... Rxc2 $19 36. Nd2 Nf8 $6 (
36... Qg4 $19) (36... Nc5 {Timman} 37. Bc6 Qh4 (37... Qg4 38. Bxe8 Nce4 $10 {
Kasparov (according to Keene), but:} 39. Bxf7+ Kxf7 40. Qe6+ Kf8 41. Qxb6 Rxd2
(41... Nxd2 42. Qd8+ Kf7 43. Rxd2 $18) 42. Rxd2 Nxd2 43. Qd8+ Kf7 44. Qxd2 $18
{Keene}) 38. Bxe8 (38. g3 Qh5 39. Bxe8 Nxe8 (39... Ng4 40. Re2 Nxh2 41. Bxf7+
Kxf7 42. Qg6+ Qxg6 43. fxg6+ Kxg6 44. Kxh2 $18 {Keene}) 40. Qxe5 Nf6 41. Qe2
Qxf5 42. Qf3 (42. Rf1 $5 {Timman's new try}) 42... Qxf3+ 43. Nxf3 Rxb2 $44)
38... Ng4 39. h3 (39. Bxf7+ Kxf7 40. Qd5+ Kf8 41. h3 {Timman: so any winning
tries have to start with this move} (41. Nf1 {Timman: unclear, White probably
wins?!} Nf2+ 42. Kg1 Nxd1 43. Rxd1 Qe4 $1 {Deep Thought: probably okay for
Black. Timman: This accurate move holds for Black:} (43... Qf2+ 44. Kh1 e4 {
probably okay for Black (DT)}) 44. Qd6+ Kg8 45. Qg6 Nd3 {and White has nothing
more than a perpetual (Timman)}) 41... Nf2+ 42. Kg1 Nxd1 43. Rxd1 Qd4+ {
Deep Thought thinks Black is about equal}) 39... Nf2+ 40. Kg1 Nxh3+ 41. gxh3
Qg3+ 42. Kf1 Qxh3+ 43. Ke2 Qg2+ $10) 37. Ne4 (37. Qxb6 {Ftacnik} Qf4 38. Qe3 (
38. Ne4 Ng4 39. Qg1 Rb8 40. Rf1 Qxh2+ 41. Qxh2 Nxh2 42. Kxh2 Rxb7 $17) 38...
Qxe3 39. Rxe3 Rd8 40. Re2 Rxb2 $17) 37... N8d7 38. Nxf6+ Nxf6 39. Qxb6 (39.
Rxe5 Rxe5 (39... Rxb2 {Ftacnik} 40. Bc6 Qxd1+ 41. Qxd1 Rxe5 $17) 40. Qxe5 Ng4
41. Qb8+ Kh7 $19) 39... Ng4 $1 40. Rf1 (40. Rd8 Qf4 41. Rxe8+ Kh7 42. Qg1 Nf2+
$19) 40... e4 $6 (40... Nf2+ 41. Rxf2 Rxf2 $19) 41. Bd5 $2 (41. Rd4 Qa2 (41...
Rf2 42. Rc1 (42. Rfd1 {Ftacnik} Qc2 43. Qc6 Re5 44. Qxc2 Rxc2 45. Rb1 Nf2+ 46.
Kg1 e3 $36) (42. Rxf2 $2 Qa1+) 42... Qc2 43. Qc6 $17)) 41... e3 $1 42. Bb3 Qe4
43. Bxc2 Qxc2 44. Rd8 (44. Rc1 {Ftacnik} e2 45. Rfe1 Qxc1 $1) (44. Ra1 {Ftacnik
} e2 45. Rfe1 Qxf5 $19) 44... Rxd8 45. Qxd8+ Kh7 $19 46. Qe7 (46. Qh4 Nf2+ (
46... Qf2 $5 47. Qxf2 Nxf2+ 48. Kg1 Nd3 49. b4 e2 50. Rb1 e1=Q+ 51. Rxe1 Nxe1
52. b5 Nd3 53. b6 Nc5 54. Kf2 Kg8 55. Ke3 Kf8 56. Kd4 Nd7 57. b7 Ke7 58. Kd5
Nb8 $19) 47. Kg1 Nd3 $19) 46... Qc4 (46... Qc4 47. Ra1 (47. Kg1 e2 48. Re1 Qd4+
$19) 47... Qf4 $19) 0-1

[Event "Amsterdam Euwe Memorial"]
[Site "Amsterdam"]
[Date "1994.05.13"]
[Round "2"]
[White "Kasparov, Garry"]
[Black "Short, Nigel D"]
[Result "1-0"]
[WhiteElo "2805"]
[BlackElo "2655"]
[Annotator "Knaak,R"]
[PlyCount "63"]
[EventDate "1994.05.12"]
[EventType "tourn"]
[EventRounds "6"]
[EventCountry "NED"]
[EventCategory "18"]
[SourceTitle "CBM 041"]
[Source "ChessBase"]
[SourceDate "1994.08.01"]
[SourceVersion "1"]
[SourceVersionDate "1994.08.01"]
[SourceQuality "1"]

1. e4 {Ftacnik} e6 2. d4 d5 3. Nc3 Nf6 4. e5 Nfd7 5. f4 c5 6. Nf3 Nc6 7. Be3
cxd4 8. Nxd4 Bc5 9. Qd2 O-O (9... Bxd4 {Ftacnik} 10. Bxd4 Nxd4 11. Qxd4 Qb6 $13
) 10. O-O-O a6 11. h4 Nxd4 12. Bxd4 b5 13. Rh3 $1 {>< c3} (13. h5 b4 14. Ne2 (
14. Na4 Bxd4 15. Qxd4 a5 {Nunn,J-Lputian,S/Manila ol/1992/} (15... f6 $1 $36))
14... a5 15. Bxc5 Nxc5 16. Qe3 Qb6 {Smirin,A-Lputian,S/Rostov/1993/}) 13... b4
(13... Qb6 14. h5 Ra7 15. Rg3 Bxd4 16. Qxd4 Qxd4 17. Rxd4 Nb8 18. Rd2 Nc6 19.
Ne2 b4 20. Nd4 Bd7 $10 {Tischbierek,R-Zysk,R/BL9293/}) (13... Bb7 $5 14. h5 b4
15. Na4 Bxd4 16. Qxd4 Qa5 17. b3 Bc6 18. Nb2 Rfc8 $1 $10 {Tischbierek,R-Knaak,
R/BL9293/}) 14. Na4 Bxd4 15. Qxd4 f6 $6 $146 {Shorts Neuerung, auf die
Kasparow aber präpariert war. Short's Novelty, but Kasparov was prepared for
it.} (15... Qa5 16. b3 Bb7 17. c3 $1 (17. Rg3 {Ftacnik} Bc6 18. f5 $1) (17. Kb1
Bc6 18. c3 $14) 17... Rfc8 18. Kb2 bxc3+ 19. Rxc3 Rxc3 20. Qxc3 {Nijboer,
F-Luther,T/Leuwaarden/1992/} Qd8 21. Rc1 Rc8 22. Qb4 Qxh4 23. Qxb7 Qf2+ 24. Ka3
Rxc1 25. Qxd7 g6 26. Bxa6 Ra1 $14 {Nijboer}) (15... a5 16. Bb5 Rb8 17. Bd3 Qc7
18. h5 Bb7 19. g4 Rfc8 20. Rh2 Qc6 21. b3 Ba6 {+/=/= Forgarasi,T-Luther,T/
Kecskemet/1993/}) 16. Qxb4 $1 fxe5 17. Qd6 $1 Qf6 18. f5 $3 Qh6+ (18... Qxf5
19. Rf3 Qg4 20. Rxf8+ Nxf8 21. Nb6 $18) 19. Kb1 Rxf5 (19... Nf6 20. fxe6 $1 Ne4
21. Qxd5 Nd2+ 22. Rxd2 $1 (22. Ka1 $2 Bxe6 $1 $19) 22... Rxf1+ 23. Rd1 Rxd1+ (
23... Qxe6 $6 24. Qd8+ Rf8 25. Rf3 $1 Qxa2+ 26. Kxa2 Be6+ 27. Qd5 $18) 24. Qxd1
Bxe6 25. Nc5 $18) 20. Rf3 $1 (20. Be2 $5 {Dieser Zug war in der Heimanalyse
mit Makarichev von Kasparov vorbereitet. This was the move, that was prepared
at home by Kasparov together with his second Makarichev.} Qg6 (20... Rf4 21.
Rf3 $1 Rxa4 $2 22. Qc6 $18) (20... Kf7 21. Rf3 $1 $16) 21. g4 Rf8 22. g5 a5 $14
) 20... Rxf3 (20... Qf6 21. Rxf5 $1 Qxf5 22. Be2 Qf7 23. Bg4 Nf6 24. Nb6 $18)
21. gxf3 Qf6 (21... Kf7 {Ftacnik} 22. Bh3 a5 $5 $14) 22. Bh3 Kf7 (22... Nf8 $2
23. Nb6 Qxf3 24. Rf1 $18) 23. c4 $1 (23. f4 $5) 23... dxc4 (23... d4 24. f4 (
24. c5 $16 {Ftacnik} Qe7 25. Qc7 Nf8 26. Qxe5 Qxh4 27. Bg4) 24... exf4 25. Rxd4
$18) 24. Nc3 $1 (24. Qc6 Rb8 25. Rxd7+ Bxd7 26. Qxd7+ Kg6 $14) 24... Qe7 (24...
Nf8 $2 25. Qc6 $1 Rb8 26. Qc7+ $18) 25. Qc6 Rb8 26. Ne4 Nb6 (26... Kf8 27. Bxe6
Qb4 28. Qd6+ Qxd6 29. Nxd6 Ke7 30. Nxc8+ Kxe6 31. Rd6+ Kf5 32. Ne7+ Kf4 33.
Rxd7 $18 {Kasparov}) (26... Nf8 {Ftacnik} 27. Nd6+ Kg8 28. Nxc8 Qb4 29. Qxe6+
$1 Nxe6 (29... Kh8 30. Qxe5 $18) 30. Bxe6+ Kf8 31. Rd8#) 27. Ng5+ Kg8 (27...
Kf8 {Ftacnik} 28. Nxh7+ Kg8 29. Ng5 Bb7 30. Bxe6+ Kh8 31. Qd6 $1 $16) 28. Qe4
g6 29. Qxe5 Rb7 30. Rd6 $1 c3 (30... Na4 {Ftacnik} 31. Rxe6 $18 Rxb2+ 32. Qxb2)
31. Bxe6+ (31. Rxe6 $5 $18 {Ftacnik}) 31... Bxe6 32. Rxe6 (32. Rxe6 {Ftacnik}
Nc4 33. Qxc3 $1 (33. Rxe7 Rxb2+ 34. Ka1 Nxe5 35. Rxe5 Rh2 $16) 33... Na3+ 34.
Kc1 Qf8 35. Qxa3 $18) 1-0

[Event "Amsterdam Euwe Memorial"]
[Site "Amsterdam"]
[Date "1994.05.14"]
[Round "3"]
[White "Timman, Jan H"]
[Black "Kasparov, Garry"]
[Result "0-1"]
[WhiteElo "2620"]
[BlackElo "2805"]
[Annotator "Stohl,I"]
[PlyCount "80"]
[EventDate "1994.05.12"]
[EventType "tourn"]
[EventRounds "6"]
[EventCountry "NED"]
[EventCategory "18"]
[SourceTitle "CBM 041"]
[Source "ChessBase"]
[SourceDate "1994.08.01"]
[SourceVersion "1"]
[SourceVersionDate "1994.08.01"]
[SourceQuality "1"]

1. d4 Nf6 2. Nf3 g6 3. Bg5 Bg7 4. c3 b6 $5 (4... h6 5. Bh4 d6 6. Nbd2 Nbd7 7.
e4 g5 8. Bg3 Nh5 9. Nc4 Nxg3 10. hxg3 e6 11. Ne3 Qe7 12. Bd3 Nf6 13. Qb3 d5 $5
14. exd5 Nxd5 15. Nxd5 exd5+ 16. Kd2 c6 17. Rae1 Be6 18. Bf5 O-O 19. Qc2 Qf6
20. Bxe6 fxe6 21. Re2 Qf5 22. Qxf5 exf5 23. Rhe1 Rac8 24. Kd3 Rc7 25. a4 $14 {
_|_<->e,Miles,A-Byrne,R/New York op/1994/}) 5. Bxf6 $5 $146 (5. Nbd2 Bb7 6. e3
(6. Qc2 c5 $1 7. dxc5 bxc5 8. e4 Qc7 9. Bc4 O-O 10. Rd1 e6 11. O-O d5 12. exd5
exd5 13. Bd3 Nbd7 14. c4 d4 15. Ne4 Nh5 $1 16. Bh4 f5 17. Neg5 Qc6 18. Rfe1
Rae8 19. Rxe8 Rxe8 20. Re1 Rxe1+ 21. Nxe1 Ne5 22. Ngf3 Nxf3+ 23. Nxf3 Nf4 $17 {
Kuijf,M-Miralles,G/Lyon zt/1990/}) (6. a4 $5 c5 7. e3 h6 8. Bh4 Nc6 9. Bd3 O-O
10. O-O d6 11. Qb1 Rc8 12. Rc1 cxd4 $6 13. exd4 Nd5 14. Re1 Nf4 15. Bc4 Qd7 16.
Bg3 g5 17. Bb5 $1 a6 18. Bf1 e5 19. Nc4 Qc7 20. Ne3 Ne7 21. Nf5 Nxf5 22. Qxf5
e4 23. Bxf4 gxf4 24. Rxe4 $1 $16 {Ribli,Z-Ghinda,M/Baile Herculane zt/1982/})
6... c5 7. Bd3 Nc6 (7... d5 8. h4 $6 Nbd7 9. Bxf6 Bxf6 10. h5 O-O 11. Qc2 Qe8
12. hxg6 hxg6 13. Rh3 cxd4 14. exd4 e5 15. dxe5 Nxe5 16. Nxe5 Qxe5+ 17. Kf1 Kg7
18. Re1 Qd6 19. Ree3 Rh8 20. Reg3 Be5 21. Rf3 Rae8 $36 {Kamsky-Miles/American
Open/1989/}) 8. O-O d6 9. a3 h6 10. Bh4 O-O 11. b4 Rc8 12. Rc1 Rc7 13. Nb3 cxd4
14. cxd4 Qd7 15. Bxf6 Bxf6 16. Qe2 Rfc8 17. Bb5 Qe6 18. Bc4 d5 19. Bb5 Qd6 20.
Rc2 a5 21. bxa5 Nxa5 $10 {Ballmann,M-Miralles,G/SWZ-chT/}) 5... Bxf6 6. e4 Bb7
7. Bd3 (7. e5 $6 Bg7 8. Bd3 d6 $10) 7... c5 $1 8. d5 (8. O-O cxd4 9. cxd4 Nc6
10. e5 Bg7 11. Nc3 O-O $132) 8... e6 9. Bc4 O-O 10. O-O (10. Qd3 $6 a6 {/\} 11.
a4 b5 $1 12. axb5 axb5 13. Rxa8 bxc4 14. Rxb8 cxd3 15. Rxd8 Rxd8 $17) 10... Na6
11. Qd3 Nc7 12. d6 $5 (12. a4 exd5 (12... d6 $5 13. Nbd2 e5 $13) 13. exd5 d6
14. Nbd2 Bc8 $10) 12... Ne8 13. Nbd2 $6 (13. e5 $2 Bxf3 14. exf6 Bc6 $17) (13.
Na3 a6 $36) (13. Ba6 $5 Bc6 (13... Bxa6 14. Qxa6 Nxd6 $2 15. e5) 14. a4 Bg7 15.
Nbd2 $13) 13... Bg7 $1 14. h4 (14. Ba6 $2 Bxa6 15. Qxa6 Nxd6) (14. e5 f6 $36)
14... a6 15. a4 Qb8 16. e5 $8 f6 17. h5 (17. Ne4 Bxe4 18. Qxe4 fxe5 $17) 17...
fxe5 (17... gxh5 18. Rae1 $44 {/\} fxe5 19. Ng5 Nf6 20. Rxe5) 18. hxg6 h6 $1 (
18... Qxd6 19. gxh7+ Kh8 20. Nh4 Qxd3 21. Bxd3 Rf6 $8 22. Ng6+ Kxh7 23. Nxe5+
$16) (18... Nxd6 $5 {Van der Wiel} 19. gxh7+ Kh8 20. Nh4 e4 21. Ng6+ Kxh7 22.
Nxf8+ Qxf8 23. Qh3+ Bh6 $1 {"I missed that" Kasparov.} 24. Rfe1 $1 {Timman} (
24. Rad1 Qe7 {=/+Kasparov} (24... Qg7 $5) 25. Bb3 Rg8 26. Rfe1 {+/=Kuif,M} e3
27. Bc2+ $1) 24... Qf5 $1 25. Qxf5+ exf5 26. Rad1 Rd8 27. Bb3 Nc8 $1 28. Nc4 d5
29. Ne3 Ne7 30. Bxd5 $1 Rxd5 $1 (30... Bxd5 31. c4 Bxe3 32. fxe3 Kg6 $10) 31.
Nxd5 Bxd5 32. b4 $44) 19. Rfe1 Qxd6 (19... Bxf3 $5 {Windows Analyseprogramm}
20. Nxf3 Nxd6 21. Bd5 $1 {Timman} (21. Nxe5 Bxe5 22. Rxe5 Nxc4 23. Qxd7 Ra7 24.
Qxe6+ Kg7 25. Re4 Nd6 (25... Nxb2 $13) 26. Qe5+ Kxg6 $17) 21... exd5 22. Qxd5+
Kh8 23. Nxe5 {+/-Timman; =/+Windows Analyseprogramm}) 20. Qxd6 Nxd6 21. Nxe5
Bxe5 22. Rxe5 Rf4 $6 $36 {[+],/^h1-a8} (22... Rf5 $142 $10 {Timman}) 23. Bd3
Raf8 (23... Kg7 $142 {Timman}) 24. f3 a5 (24... Kg7 $5 {/\} 25. a5 $6 c4) 25.
Kf2 Kg7 26. Rh5 (26. Rh1 $142 $1 {+-Timman} Rxa4 27. Reh5 Rh8 28. g4 Ra2 29. g5
Rxb2 30. Ke3 $1 {I.Sokolov} (30. gxh6+ Rxh6 31. Rxh6 Rxd2+ 32. Ke3 Rxd3+ $1 33.
Kxd3 Bxf3 $15) 30... Nf5+ 31. Bxf5 exf5 32. Rxh6 Re8+ 33. Kf4 $18 Rxd2 34. Rh7+
Kf8 35. Rh8+) 26... Ne8 $1 27. Kg3 (27. Rah1 Nf6 $1 28. Rxh6 $2 Ng4+) (27. Nc4
Ba6 $17) 27... Nf6 28. Re5 (28. Kxf4 Nxh5+ 29. Ke3 Nf4 $17) 28... Nd5 29. Be4
R4f6 30. Nc4 (30. c4 $2 d6 31. Rxe6 (31. Rh5 Nf4) 31... Rxe6 32. cxd5 Re5 33.
Nc4 Rg5+ $17) 30... Nf4 $5 (30... Ba6 31. Nd6 $1 Ne7 32. Rh1 Nxg6 33. Reh5 Nf4
34. R5h4 $40) 31. Bxb7 Rxg6+ 32. Kh2 (32. Kf2 $2 d5 $17 {/\Nd3}) 32... Rxg2+
33. Kh1 d5 34. Nxb6 (34. Ne3 Rxb2 35. Rg1+ Kf7 36. Ba6 c4 $5 $15 {/\Nd3}) (34.
Bxd5 exd5 35. Rxd5 Nxd5 36. Kxg2 Rf4 $15) 34... Rb8 $1 (34... Rxb2 35. Rg1+ Kf7
36. Bxd5 $1 Rxb6 37. Bc4 $16) 35. Rxe6 $1 Rxb7 (35... Nxe6 36. Kxg2 Rxb7 37.
Nxd5 Rxb2+ 38. Kg3 $10) 36. Rd6 Rg5 (36... d4 $2 37. Nd5 $14) 37. Rd1 $2 (37.
Rg1 Rxg1+ (37... d4 $5 38. Rg4 $1 $13) 38. Kxg1 d4 39. Nc4 $132) 37... d4 38.
Nc4 $2 (38. cxd4 cxd4 $36 {/\} 39. R1xd4 $2 Rh5+ 40. Kg1 Ne2+) (38. Rg1 $5 $15)
(38. Rg1 $142 {Timman}) 38... Kh7 $1 $40 39. Re1 $2 $138 (39. Rd2 Rbg7 $1 40.
cxd4 Rh5+ 41. Rh2 Nh3 $1 $19) 39... Rh5+ 40. Kg1 Rg7+ (40... Rg7+ 41. Kf2 Rg2+
42. Kf1 Rh1#) 0-1

[Event "Novgorod"]
[Site "Novgorod"]
[Date "1994.??.??"]
[Round "1"]
[White "Kasparov, Garry"]
[Black "Shirov, Alexei"]
[Result "1-0"]
[WhiteElo "2805"]
[BlackElo "2740"]
[Annotator "Ribli,Z"]
[PlyCount "73"]
[EventDate "1994.08.??"]
[EventType "tourn"]
[EventRounds "10"]
[EventCountry "RUS"]
[EventCategory "19"]
[SourceTitle "CBM 043"]
[Source "ChessBase"]
[SourceDate "1994.12.01"]
[SourceVersion "1"]
[SourceVersionDate "1994.12.01"]
[SourceQuality "1"]

1. c4 {Doctor?} e5 2. Nc3 Bb4 3. Nd5 Be7 4. d4 d6 5. e4 c6 (5... Nf6 6. Nxe7
Qxe7 7. f3 Nh5 8. Be3 $14 {Lautier,J-Shirov,A/Las Palmas/1994/CBM42/INF60,20/})
6. Nxe7 Qxe7 7. Ne2 (7. d5 $5) 7... f5 (7... Nf6 8. f3 O-O 9. d5 $14) 8. dxe5
Qxe5 (8... dxe5 9. exf5 Bxf5 10. Ng3 $14) 9. exf5 Nf6 10. Qd4 $1 Bxf5 11. Bf4
Qa5+ 12. Qc3 Qxc3+ 13. Nxc3 O-O 14. O-O-O $1 (14. Bxd6 Re8+ 15. Be2 Bd3 16. Kf1
Bxe2+ 17. Nxe2 Na6 $44) 14... d5 15. Bd6 $1 (15. cxd5 cxd5 16. Nxd5 Nxd5 17.
Rxd5 Be6 18. Ra5 Nc6 19. Ra4 Bxa2 $13) 15... Rc8 (15... Rd8 16. Be7 $16) 16. f3
$1 Nbd7 17. g4 Be6 18. g5 Ne8 (18... Nh5 19. cxd5 cxd5 20. Kb1 $14) 19. cxd5
Bxd5 (19... cxd5 20. Bg3 $14) 20. Bg3 Be6 (20... Bxf3 $142 $1 {Doctor?} 21.
Bc4+ Kh8 (21... Bd5) 22. Rxd7 Bxh1 23. Rf7 h6 24. Rf8+ (24. Bd3 Kg8 $1) 24...
Kh7 25. Bd3+ g6 26. Be5 Ng7 27. Rf7 Rg8 28. Be4 (28. h4 Rae8 $1 29. h5 (29. Bf6
hxg5 30. h5 Kh6 $1) (29. Bd4 hxg5 $1) 29... Rxe5 $17) 28... Rae8 29. Bxh1 Rxe5
30. Ne4 hxg5 31. Nf6+ Kh8 32. Nxg8 Re1+ 33. Kd2 Rxh1 34. Nf6 Rxh2+ 35. Kc3 Nf5
$17) 21. Bd3 (21. Bc4 Nf8 $5 (21... Bxc4 $6 22. Rxd7 b5 23. Re1 $14) 22. Bxe6+
Nxe6 23. h4 Rd8 $10) 21... Nc5 22. Bc2 Rd8 23. h4 Bf7 24. Ne4 Nxe4 25. fxe4 Kf8
$6 (25... Bxa2 $2 26. b3 $18) (25... g6 26. Be5 Ng7 27. Bf6 Rxd1+ 28. Rxd1 $14)
26. Rdf1 $1 Kg8 (26... Ke7 27. h5 $16) 27. h5 Rd7 28. Rf2 Nd6 29. g6 $1 Be6 (
29... hxg6 30. hxg6 Bxg6 31. Bxd6 Rxd6 32. Bb3+ $18) 30. gxh7+ Kh8 31. h6 $1 g6
(31... gxh6 32. Rxh6 $18) 32. Rf6 Re8 33. Rxg6 Nc4 34. Be1 Kxh7 35. Rg3 Ne5 36.
Bc3 Bc4 37. Rg7+ $1 (37. Rg7+ Rxg7 38. hxg7+ Kxg7 39. Rh5 Kf6 40. Rf5+ $18) 1-0

[Event "Novgorod"]
[Site "Novgorod"]
[Date "1994.??.??"]
[Round "4"]
[White "Kasparov, Garry"]
[Black "Kramnik, Vladimir"]
[Result "1-0"]
[WhiteElo "2805"]
[BlackElo "2725"]
[Annotator "Horvath,Ta"]
[PlyCount "70"]
[EventDate "1994.08.??"]
[EventType "tourn"]
[EventRounds "10"]
[EventCountry "RUS"]
[EventCategory "19"]
[SourceTitle "CBM 043"]
[Source "ChessBase"]
[SourceDate "1994.12.01"]
[SourceVersion "1"]
[SourceVersionDate "1994.12.01"]
[SourceQuality "1"]

1. e4 {Ftacnik} c5 2. Nc3 Nc6 3. Nge2 Nf6 4. d4 cxd4 5. Nxd4 e5 6. Ndb5 d6 7.
Bg5 a6 8. Na3 b5 9. Nd5 Be7 10. Bxf6 Bxf6 11. c3 O-O 12. Nc2 Rb8 13. h4 (13. a3
a5 14. h4 {Kasparov,G-Kramnik,V/PCA Moscow/1994/}) 13... Ne7 (13... Be6 14.
Nce3 a5 15. Qf3 b4 16. Bc4 bxc3 17. bxc3 Rb2 18. g3 a4 19. O-O Be7 20. Rab1 Qb8
21. Rxb2 Qxb2 22. Qd1 a3 23. Qa4 Rc8 {Yurtaev,L-Holmsten,A/Helsinki op (03)/
1992/ 1-0 / 24}) (13... g6 {Ftacnik} 14. Qd2 Bg7 15. h5 Be6 16. Nce3 Ne7 17. g3
Nxd5 18. Nxd5 Rc8 19. Rd1 Rc5 20. Ne3 Rc6 21. b3 Qa8 22. Bh3 $36 {Shmuter,
L-Beshukov,S/Sochi/1993/1-0 (37)}) 14. Nxf6+ (14. Nce3 Nxd5 15. Nxd5 Be6 (15...
Bb7 {Ftacnik} 16. g3 b4 17. c4 Bxd5 18. Qxd5 Qb6 19. Rd1 $14 {Smagin,S-Gorelov,
S/URS/1982/0.5 (37)}) 16. g3 $14) 14... gxf6 15. Qd2 (15. Ne3 {Ftacnik} f5)
15... Bb7 (15... f5 $5 16. Qg5+ (16. h5 Kh8 17. O-O-O fxe4 18. Qxd6 Qxd6 19.
Rxd6 Nf5 20. Rd2 Be6 $13) (16. exf5 Bxf5 17. Ne3 Be6 $10) (16. Bd3 fxe4 17.
Bxe4 d5 18. Qg5+ Ng6 19. Bxg6 fxg6 20. Qxd8 Rxd8 21. O-O-O $14) 16... Ng6 17.
exf5 Qxg5 18. hxg5 Bxf5 19. Nb4 $1 $14 (19. Ne3 Be6 20. O-O-O Rfd8 $13)) 16.
Bd3 d5 17. exd5 Qxd5 18. O-O-O e4 (18... Qxa2 {Ftacnik} 19. Qh6 e4 20. Be2) 19.
Be2 Qxa2 (19... Qxd2+ 20. Rxd2 Rfd8 21. Rhd1 Rxd2 22. Rxd2 Kf8 $14) (19... Qe5
$5 {Ftacnik} 20. Qd6 Nf5 $1) 20. Qh6 Qe6 (20... f5 {Ftacnik} 21. Qg5+ Ng6 22.
h5 $18) (20... Nd5 {Ftacnik} 21. Rh3 $40) 21. Nd4 Qb6 (21... Qe5 22. Rh3 (22.
f4 {Ftacnik} exf3 23. gxf3 (23. Bd3 Ng6 24. Nf5 (24. Bxg6 fxg6 25. Rhe1 Qh5)
24... Qf4+ $1) 23... Ng6 24. Rhg1 Kh8 (24... Rfd8 $2 25. h5 Qh2 26. Nf5 Rxd1+
27. Bxd1 $18) 25. Kb1 Rg8 (25... Qf4 $2 26. Rxg6 $18)) 22... Kh8 (22... Ng6)
23. f4 $1 exf3 24. Bd3 Ng6 25. g3 $1 Be4 26. Bxe4 Qxe4 27. h5 Ne5 28. Qxf6+ Kg8
29. Nf5 $18) 22. Rh3 Kh8 23. Bg4 (23. Rg3 {Ftacnik} Rg8) 23... Rg8 24. Ne6 $5
Rg6 (24... fxe6 25. Qxf6+ Rg7 26. Rd7 Re8 (26... Qc5 27. b4 $18 (27. Rg3 $1 Bc6
28. Bxe6 $18)) 27. Bxe6 (27. Rg3 $18 {Ftacnik}) (27. Rxe7 $6 Rexe7 28. Qf8+ Rg8
29. Qxe7 Qxf2) 27... Nf5 28. Rg3 $1 (28. Rxg7 Nxg7 29. Rg3 Qc7 30. Bf7 Qe5 31.
Qxg7+ Qxg7 32. Rxg7 Rf8 $19) 28... Qxf2 (28... Qxe6 29. Qxe6 Rxe6 30. Rd8+ $18)
29. Rgxg7 Qf1+ 30. Kc2 (30. Rd1 Qxd1+ 31. Kxd1 Nxg7 32. Bb3 e3 33. h5 $18)
30... Ne3+ 31. Kb3 Bd5+ 32. Bxd5 Qd1+ 33. Kb4 Qa4+ 34. Kc5 Rc8+ 35. Rc7 $18) (
24... Rxg4 $2 25. Ng5 $1 {Ftacnik} Rxg5 (25... fxg5 26. Qxb6) 26. hxg5 Kg8 27.
gxf6 $18) (24... Qxf2 {Ftacnik} 25. Rf3 $1 Rg6 26. Qxg6 Qxb2+ 27. Kxb2 Nxg6 28.
Rxf6 fxe6 29. g3 $16) (24... Ng6 {Ftacnik} 25. h5) 25. Qf4 Re8 $2 (25... Bd5
$142 $1 26. Bh5 (26. Ng5 $1 fxg5 27. Qe5+ Rg7 28. Qxe7 f5 29. Qe5 fxg4 30. Rxd5
gxh3 31. Rd7 Rbg8 32. Rxg7 Rxg7 33. Qe8+ $10) (26. Nd4 {Ftacnik} b4 $1 $40)
26... Bxe6 27. Bxg6 Nxg6 (27... Bxh3 $2 28. Rd6 $1) 28. Qxf6+ Kg8 29. Rg3 b4
$19) (25... Rbg8 {Ftacnik} 26. h5 Rxg4 27. Qxf6+ R4g7 28. h6 Qxe6 29. hxg7+
Rxg7 30. Rd8+ Ng8 31. Rxg8+ $1 Kxg8 32. Qd8+) 26. Rd6 $1 (26. h5 $6 {Ftacnik}
Rxg4 27. Qxf6+ Kg8) 26... Nd5 (26... Qa5 $5 {Ftacnik} 27. h5 (27. Nc5 $5 $40)
27... Qa1+ (27... Rxg4 28. Qxg4 fxe6 29. Qxe6) 28. Kc2 Qa4+ 29. Kb1 Rxg4 30.
Qxf6+ Kg8 31. Qxe7 (31. Rg3 e3 32. Rxg4+ Qxg4 33. Qxe7 Bc6 $1 34. Rxc6 $140
Qd1+ (34... Qe4+ $2 35. Kc1 Qxc6 36. Qg5+ $18) 35. Ka2 Qa4+ $10) 31... Bc6 $1
32. Rd8 Qd1+ $1 33. Rxd1 Rxe7) (26... Qa7 {Ftacnik} 27. h5 Rxg4 28. Qxg4 fxe6
29. Rg3 $1 Rg8 (29... Nf5 30. Rxe6 $1) 30. Rd8 $1 $18) 27. h5 $3 (27. Rxb6 {
Ftacnik} Nxf4 28. Nxf4 Rxg4) 27... Nxf4 (27... Qa5 28. hxg6 Qa1+ 29. Kc2 Nb4+
30. cxb4 Rc8+ 31. Nc5 $18) (27... Rg7 {Ftacnik} 28. Qh6) (27... Rxg4 {Ftacnik}
28. Qxg4 Rg8 29. Qxg8+ Kxg8 30. Rxb6 Nxb6 31. Rg3+ Kh8 32. Nc5 $18) (27... fxe6
{Ftacnik} 28. hxg6 Nxf4 29. Rxh7+ Kg8 30. Rxb6) (27... Rxe6 {Ftacnik} 28. hxg6
Nxf4 29. Rxh7+ Kg8 30. gxf7+ Kf8 31. Rh8+ Kxf7 32. Bxe6+ Nxe6 33. Rxb6 $18) (
27... Rgg8 {Ftacnik} 28. Rxd5 $1 Rxe6 29. Bxe6 Qxe6 30. Rd6 $16) 28. hxg6 Qxd6
(28... Nd3+ {Ftacnik} 29. Rhxd3 $1 (29. Kb1 Qxf2 30. Rxh7+ Kg8 31. Rg7+ Kh8 32.
Rh7+ $10) 29... exd3 (29... Qxf2 30. gxf7 $18) (29... Qa5 30. gxf7 Qa1+ 31. Kd2
Qxb2+ 32. Ke1 Qc1+ 33. Bd1 Rf8 34. Rd8 $1) 30. gxf7) (28... Nxh3 {Ftacnik} 29.
gxf7 $1) 29. Rxh7+ Kg8 30. gxf7+ Kxh7 31. fxe8=Q Nxe6 32. Bf5+ $1 Kg7 33. Qg6+
Kf8 34. Qxf6+ $18 Ke8 35. Bxe6 Qf8 $2 (35... e3 {Ftacnik} 36. fxe3 Bxg2 37.
Bf7+ Kd7 38. Be8+ Kc7 39. Qg7+ Kd8 40. Bxb5 Bf3 41. Ba4 $18) (35... Qf8 $2 {
Ftacnik} 36. Bd7+ $18) 1-0